000 00605nam a2200193 i 4500
001 188511
003 ES-MaACL
005 20250910213030.0
008 181212s1965 sp |||| | spa d
100 0 _aMoreno Galván, José María,
_d1923-1981
_983374
245 1 4 _aAutocrítica del arte /
_cJosé M. Moreno Galván.
260 _aMadrid :
_bPenínsula,
_c1965.
300 _a174 p. ;
_c18 cm.
490 1 _aColección Ibérica ;
_v3
650 7 _aArte-
_yS.XX
_2
_9141916
830 0 _aColección ibérica (Península)
_v3
_9179423
852 1 _aBA
_jP-137-bis-3
999 _c188511
_d188511